| 000 | 01291nam a2200349Ia 4500 | ||
|---|---|---|---|
| 001 | Z_6573 | ||
| 003 | CHAP | ||
| 005 | 20230911172443.0 | ||
| 008 | 220113s2013 xx 000 0 und d | ||
| 010 | _a169844 | ||
| 040 | _cCHAP | ||
| 090 | _aTesis B36 2314 | ||
| 100 |
_aBandala Aguilar, Irvin _9125918 |
||
| 245 |
_aCaracterización del manejo técnico realizado en Prairieland dairy, establo lechero ubicado en Firth, Nebraska, Estados Unidos de América / _cIrvin Bandala Aguilar |
||
| 260 |
_aMéxico : _bEl autor, _c2013 |
||
| 300 | _a111 p. | ||
| 502 | _aTesis ( Ingeniero Agrónomo Especialista en Zootecnia) -- UACh, 2013 \ Dirección: Agustín Ruíz Flores; asesoría: Rufino López Ordaz y Alejandro Lara Bueno | ||
| 650 |
_aBovino de leche _9145041 |
||
| 650 |
_aGanado bovino _9138033 |
||
| 650 |
_aManejo técnico _9145225 |
||
| 650 |
_aParámetros productivos _9144308 |
||
| 650 |
_aParámetros reproductivos _9145226 |
||
| 700 |
_a Lara Bueno, Alejandro, asesor _9145227 |
||
| 700 |
_a López Ordaz, Rufino, asesor _9143291 |
||
| 700 |
_aRuís Flores, Agustín, director _9145228 |
||
| 856 | 4 | 2 |
_uhttp://10.13.5.2/tesis/sist108858.pdf _yDescargar PDF |
| 901 | _aTESIS B36 2314 | ||
| 902 | _aM | ||
| 910 | _a2013 | ||
| 942 |
_c2 _2ddc |
||
| 942 |
_c2 _2ddc |
||
| 999 |
_c169844 _d169844 |
||